Stations du tramway de Valenciennes sur une carte - Statistiques

Statistiques générales
  • Ce quiz a été pris 170 fois
  • Le résultat moyen est 19 sur 48
Réponses sur la Carte
Les réponses sont colorées sur une échelle allant du rouge au vert en fonction du pourcentage des utilisateurs qui les ont devinées à leur premier essai. Vous pouvez retrouver ces pourcentages ci-dessous.
 
Statistiques - réponses
Ligne Arrêt % Correct
1 Hôtel de Ville
90%
1 Gare
89%
1 Université
83%
1 Clemenceau
74%
1 Sous-Préfecture
70%
1 Nungesser
66%
1 Chemin Vert
65%
2 Le Boulon
65%
1 Vosges
65%
1 Espace Villars
64%
1 La Briquette
63%
1 Pont Jacob
63%
1 Campus Mont Houy
62%
1 Sainte-Catherine
62%
1 Porte de Paris
61%
1 Anzin Hôtel de Ville
57%
1 Croix d'Anzin
53%
1 Jules Chevalier
53%
1 Moriamez Recherche
49%
1 Saint-Waast
45%
1 Dutemple
39%
1 Le Galibot
32%
1 Solange Tonini
32%
1 Bellevue
29%
2 Bruay Place
28%
1 Jaurès
28%
2 André Parent
26%
1 Bois des Montagnes
26%
1 Taffin
26%
2 Fresnes Mairie
24%
1 La Plaine
24%
1 Jean Dulieu
23%
2 Bleuse Borne
22%
2 Les Terrils d'Anzin
21%
2 Centre des Congrès
20%
2 Condé Hôtel de Ville
16%
2 Hameau de Macou
16%
2 Pont de Bruay
16%
2 Lycée du Pays de Condé
15%
2 Thiers
15%
2 Fruitier
14%
2 Ruelles
14%
2 Tourniquet
14%
2 Escautpont Place
11%
2 Les Hauts Champs
11%
2 Salle Polyvalente
11%
2 Brunehaut
10%
2 Carnot
10%
Aucun quiz correspondant
Distribution des résultats
% des personnes avec chaque résultat
Percentile par nombre de réponses
Votre historique - résultats
Vous n’avez pas pris ce quiz